| 000 -LEADER |
| fixed length control field |
00514cam a22001457a 4500 |
| 008 - FIXED-LENGTH DATA ELEMENTS--GENERAL INFORMATION |
| fixed length control field |
180718b1967 xxu||||| |||| 00| 0 eng d |
| 082 ## - DEWEY DECIMAL CLASSIFICATION NUMBER |
| Classification number |
K11x73 St25 |
| 100 ## - MAIN ENTRY--PERSONAL NAME |
| Personal name |
Stanley, David T. |
| 245 ## - TITLE STATEMENT |
| Title |
Men who govern: a biographical profile of federal political executives |
| Statement of responsibility, etc. |
by David T. Stanley, Dean E. Mann and Jameson W. Doig |
| 260 ## - PUBLICATION, DISTRIBUTION, ETC. |
| Place of publication, distribution, etc. |
Washington, D.C. |
| Name of publisher, distributor, etc. |
Brookings Institution |
| Date of publication, distribution, etc. |
1967 |
| 300 ## - PHYSICAL DESCRIPTION |
| Extent |
169p. |
| 650 ## - SUBJECT ADDED ENTRY--TOPICAL TERM |
| Topical term or geographic name entry element |
Government executives --United States |
| 700 ## - ADDED ENTRY--PERSONAL NAME |
| Personal name |
Doig, Jameson W. |
| 700 ## - ADDED ENTRY--PERSONAL NAME |
| Personal name |
Mann, Dean E. |